Vedic Wisdom (Record no. 12861)
[ view plain ]
| 000 -LEADER | |
|---|---|
| fixed length control field | 00329nam a22001457a 4500 |
| 003 - CONTROL NUMBER IDENTIFIER | |
| control field | OSt |
| 008 - FIXED-LENGTH DATA ELEMENTS--GENERAL INFORMATION | |
| fixed length control field | 240829b |||||||| |||| 00| 0 eng d |
| 020 ## - INTERNATIONAL STANDARD BOOK NUMBER | |
| International Standard Book Number | 9789381384084 |
| 082 ## - DEWEY DECIMAL CLASSIFICATION NUMBER | |
| Classification number | 181.4 |
| Item number | MEV |
| 100 ## - MAIN ENTRY--PERSONAL NAME | |
| Personal name | MEHTA, J.M |
| 245 ## - TITLE STATEMENT | |
| Title | Vedic Wisdom |
| 260 ## - PUBLICATION, DISTRIBUTION, ETC. (IMPRINT) | |
| Place of publication, distribution, etc | New Delhi: |
| Name of publisher, distributor, etc | V & S Publishers, |
| 300 ## - PHYSICAL DESCRIPTION | |
| Extent | 144p. |
| 942 ## - ADDED ENTRY ELEMENTS (KOHA) | |
| Source of classification or shelving scheme | Dewey Decimal Classification |
| Koha item type | Text Books |
| Withdrawn status | Lost status | Source of classification or shelving scheme | Damaged status | Not for loan | Collection code | Home library | Current library | Date acquired | Source of acquisition | Currency | Cost, normal purchase price | Bill Number | Total Checkouts | Full call number | Acc. no. / Barcode | Date last seen | Date last borrowed | Actual Cost, discounted price | Bill Date | Koha item type |
|---|---|---|---|---|---|---|---|---|---|---|---|---|---|---|---|---|---|---|---|---|
| Dewey Decimal Classification | IKS- Indian Knowledge System | PIET C-LIBRARY | PIET C-LIBRARY | 29/08/2024 | Zafaa Books and Distributors | INR | 295.00 | ZBD0153 | 1 | 181.4 MEV | 38413 | 18/11/2025 | 03/11/2025 | 221.25 | 24/08/2024 | Text Books | ||||
| Dewey Decimal Classification | IKS- Indian Knowledge System | PIET C-LIBRARY | PIET C-LIBRARY | 04/09/2024 | Zafaa Books and Distributors | INR | 295.00 | ZBD0169 | 181.4 MEV | 38458 | 04/09/2024 | 221.25 | 31/08/2024 | Text Books |